000 00811nam a2200229 a 4500
001 40065
003 BD-RjUL
005 20211209053128.0
008 160421s1977 bg ||||| |||| 00| 0 ben d
020 _c: Tk. 10.00
035 _a(BD-RjUL)
040 _aBD-RjUL
_bben
_cBD-RjUL
041 _aben
082 _223
_a891.443
_bSYM 1977
100 _aসৈয়দ, আবদুর মান্নান
_9123378
245 1 0 _aমৃত্যুর অধিক লাল ক্ষুধা /
_cআবদুর মান্নান সৈয়দ
260 _aঢাকা :
_bমুক্তধারা,
_c১৯৭৭
300 _a১৪৯ পৃ. ;
_c২১ সেমি.
650 _aবাংলা ছোট গল্প
_9121085
650 _aBengali Short Stories
_9123379
942 _2ddc
_cBK
999 _c40065
_d40065